000 00362nam a22001577a 4500
003 OSt
008 260219b |||||||| |||| 00| 0 eng d
020 _a9788124806951
082 _a398.22 BUA
100 _aBURTON,Richard F
245 _aThe Arabian Nights
250 _a1st Ed
260 _aNew Delhi
_bPeacock Classics
300 _a397p
942 _2ddc
_cREF
999 _c13838
_d13838